|
|
|
|
| LEADER |
00767nam a2200181 a 4500 |
| 008 |
100418r2000 ii b 000 0 eng d |
| 040 |
|
|
|a BD-DhAAL
|c BD-DhAAL
|
| 082 |
0 |
0 |
|a 343.095403
|2 21
|
| 100 |
1 |
|
|a Varshni, Dhirendra Pal.
|
| 245 |
1 |
0 |
|a How to frame a charge :
|b under penal code and other criminal acts /
|c Varshni Dhirendra Pal.
|
| 260 |
|
|
|a New Delhi :
|b Eastern Book Company,
|c 2000 [reprinted].
|
| 300 |
|
|
|a xxvi, 248 p. ;
|c 25 cm.
|
| 504 |
|
|
|a Includes bibliographical references.
|
| 541 |
1 |
|
|e 00012571
|
| 650 |
|
0 |
|a Criminal procedure
|z India.
|
| 852 |
4 |
|
|a Ayesha Abed Library
|j General Shelf
|
| 999 |
|
|
|c 8128
|d 8128
|
| 952 |
|
|
|0 0
|1 0
|2 ddc
|4 0
|6 343_095403000000000_VAR
|7 0
|9 9282
|a BRACUL
|b BRACUL
|c GEN
|d 2010-04-18
|g 300.00
|l 0
|o 343.095403 VAR
|p 3010012571
|r 2010-04-18
|t 1
|w 2010-04-18
|y BK
|